Pavel Bunčák päťdesiatročný

Bibliographic Details
Main Author: Hamada, Milan, 1933-2023 (Author)
Format: Article
Language:Slovak
Subjects:

MARC

LEADER 00000nab a2200000uu 4500
001 vtls011511783
003 SK-MaSNL
005 20260303202224.0
008 230704|1965 xo |||||||||||||||||slo|
015 |a SNBRB 
035 |a (urnnbn)urn:nbn:sk:snk:ar-001ano 
035 |a (uuid)0e9cb5ea-8601-4836-9ce4-e3613dd980d5 
035 |a urn:nbn:sk:snk-abe2b9 
040 |a SNKBUCL  |b slo  |c SNKBUCL  |e AACR2 
041 0 |a slo 
044 |a xo  |c SK 
100 1 |a Hamada, Milan,  |d 1933-2023  |4 aut  |9 222212 
245 1 0 |a Pavel Bunčák päťdesiatročný  |c Milan Hamada 
600 1 7 |a Bunčák, Pavel,  |d 1915-2000  |2 SNKMA  |9 103653 
773 0 |t Slovenské pohľady  |g Roč. (81), č. 3 (1965), s. 87-89 
850 |a Slovenská národná knižnica 
852 |a Slovenská národná knižnica 
954 |a odborná, vedecká literatúra pôvodná (slovenská)  |2 lita 
958 |a OND 
958 |a EUIPO 
958 |a article21 
999 |c 2178341  |d 2180271